000 00619nam a2200169 a 4500
001 000022617
005 20200930021711.0
008 101014s2006 pr ac r 001 0 spa d
020 _a097422961
040 _aDO-SdBNP
_bspa
_cBNPHU
082 _axxxx
_bP445v
245 0 0 _aSer periodista :
_bla vida y legado de Carlos M. Castañeda /
_ceditor Luis A. villares ; prólogo Luis Alberto Ferré Rangel.
260 _aSan Juan :
_bFundación Educativa Carlos M. Castañeda,
_c2006.
300 _axv, 286 p. :
_bil. ;
_c23 cm.
700 1 _aVillares, Luis A.
_eed.
_946540
700 1 _aFerré Rangel, Luis Alberto,
_epról.
_946541
999 _c22114
_d22114